00602 2200217 4500001002100000005001500021035002000036245004800056100002000104250001200124300004800136260003600184082000800220084001400228020002200242650002200264008004100286990001900327990001900346990001900365INLIS00000000001515120260401111840 a0010-04260000021 aWeeskamer :b[Gorontalo] /cFendi Adiatmono0 aFendi Adiatmono aEdisi 1 axxx, 275 hlm.; 20 cm. :bIlustrasi berwarna aYogyakarta :bDeepublish,c2018 a729 a729 FEN w a978-602-280-498-7 aDesain arsitektur260401 d 0 ind  a025.5131/PC/25 a025.5132/PC/25 a025.5133/PC/25